00200nam a2200073Ia 4500008004100000100001500041245004000056260003000096170817s9999 xx 000 0 und d aSharma.N.R 0aEducational And Vocational Guidance bVinod Pustak Mandir Agara